Países con más usuarios hispanohablantes de JetPunk - Estadísticas

Estadísticas generales
  • Esta prueba ha sido intentada 8.913 veces
    5.121 desde el último reinicio
  • La puntuación promedio es 9 de 10
Estadísticas de respuestas
% País % Correcto
9,87 Argentina
99%
54,11 España
99%
9,25 México
97%
4,43 Colombia
96%
4,92 Chile
95%
2,75 Perú
95%
1,08 Venezuela
93%
1,24 Uruguay
91%
1,17 Ecuador
89%
2,78 Estados Unidos
70%
No se encontraron pruebas coincidentes
Distribución de puntuación
Porcentaje de gente con cada puntuación
Porcentaje por número respondido
Historial de tus puntuaciones
No has intentado esta prueba desde el último reinicio